Trivia Quotidien #1 - Quiz du 5 mai 2024 - Statistiques

Statistiques générales
  • Ce quiz a été pris 226 fois
  • Le résultat moyen est 7 sur 10
Statistiques - réponses
Question Réponse % Correct
Comment dit-on "huit" en espagnol ? Ocho
100%
Qu'est-ce qu'un "cheval de mer" ? Un hippocampe
100%
Laquelle de ces villes ne se trouve PAS dans un désert ? Buenos Aires
91%
Dans quelle région se trouve la ville de Florence ? La Toscane
73%
Quelle partie du visage rend les tableaux de Frida Kahlo emblématiques ? Les sourcils
73%
Pourquoi certains chlorofluorocarbures (CFC) ont-ils été bannis ? Ils ont affaibli la couche d'ozone
55%
Lequel de ces termes ne désigne PAS un bateau ? Une coque
55%
Lequel des dictateurs a régné le plus longtemps ? Fidel Castro
45%
Quel revêtement, présenté en 2014, se veut être la couleur la plus sombre du monde, absorbant jusqu'à 99,965% de la lumière ? Le Vantablack
45%
Quel personnage de la mythologie grecque fut condamné à ce qu'un aigle lui mange le foie chaque jour, pour l'éternité ? Prométhée
27%
Aucun quiz correspondant
Distribution des résultats
% des personnes avec chaque résultat
Percentile par nombre de réponses
Votre historique - résultats
Vous n’avez pas pris ce quiz